Virtue Ethics for Women 1250-1500 /

में बचाया:
ग्रंथसूची विवरण
मुख्य लेखक: Karen Green, Constant Mews (edición)
स्वरूप: पुस्तक
भाषा:अंग्रेज़ी
प्रकाशित: Dordrecht, Holanda : Springer, 2011, c2011
श्रृंखला:(The New Synthese Historical Library)
ऑनलाइन पहुंच:Ver documento en línea
टैग: टैग जोड़ें
कोई टैग नहीं, इस रिकॉर्ड को टैग करने वाले पहले व्यक्ति बनें!

MARC

LEADER 00000nam^a22000000a04500
001 000600417
009 20260512124033.128
020 |a 978-94-007-0529-6 
022 |a 2352-2585 
037 |a Acervo ITESO - Biblioteca 
041 |a ING 
082 |a Libro en línea 
100 |a Karen Green, Constant Mews  |e (edición) 
245 |a Virtue Ethics for Women 1250-1500 / 
264 4 |a Dordrecht, Holanda :  |b Springer,  |c 2011, c2011 
264 2 |a Cham, Suiza :  |b Springer Link [distribución],  |c 2025 
300 |a 1 libro electrónico en línea (XXXII, 224 p.) 
300 |a 1 recurso en línea 
336 |a datos para computadora  |b cod  |2 rdacontenido 
337 |a computadora  |b c  |2 rdamedio 
338 |a recurso en línea  |b cr  |2 rdasoporte 
440 |a (The New Synthese Historical Library) 
506 0 |a Licencias ilimitadas 
567 |a Catalogación rápida 
649 |a XX 
856 4 0 |u https://link-springer-com.ezproxy.iteso.mx/10.1007/978-94-007-0529-6  |y Ver documento en línea 
910 |a Fondo General 
920 |a Electrónicos - Libros en Línea 
930 |a Plataforma Digital 
905 |a 205 
902 |a https://opac.biblio.iteso.mx/vufind/Record/000600417